Beyoncé - Chansons commençants par P - Statistiques

Statistiques générales
  • Ce quiz a été pris 3 fois
  • Le résultat moyen est 4 sur 8
Statistiques - réponses
P % Correct
Plastic Off the Sofa
100%
Pray You Catch Me
100%
Pure/Honey
50%
Pretty Hurts
50%
Protector
50%
Party
0%
Poison
0%
Proud to be an American
0%
Aucun quiz correspondant
Distribution des résultats
% des personnes avec chaque résultat
Percentile par nombre de réponses
Votre historique - résultats
Vous n’avez pas pris ce quiz